Upland Transformations in Vietnam

التفاصيل البيبلوغرافية
المؤلف الرئيسي: Sikor
التنسيق: الكتروني كتاب الكتروني
اللغة:English
منشور في: NUS Press Pte Ltd
الموضوعات:
الوصول للمادة أونلاين:Full text available on Project MUSE [2/8/12]
Off-campus access
LEADER 01043pam a2200253 a 4500
001 AALebookProjectMUSE025111
003 BD-DhAAL
006 m||||||||d||||||||
007 cr||||||||||||
008 221121s9999 xxuabf fo j 001 0 eng d
020 |a 9789971695149 
020 |a 9789971696139 
040 |a BD-DhAAL  |c BD-DhAAL 
100 1 |a Sikor 
245 0 0 |h [electronic resource]  |a Upland Transformations in Vietnam 
260 |b NUS Press Pte Ltd 
300 |a 1 online resource 
500 |a <strong>Off-Campus Access:</strong> Athens ID and Password Required 
500 |a <strong>On-Campus Access:</strong> No User ID or Password Required 
506 |a Electronic access restricted to authorized BRAC University faculty, staff and students 
538 |a Mode of access: Internet 
655 7 |a Electronic books  |2 Library of Congress 
856 4 0 |z Full text available on Project MUSE [2/8/12]  |u https://muse.jhu.edu/book/13068 
856 4 0 |z Off-campus access  |u https://go.openathens.net/redirector/bracu.ac.bd?url=https%3A%2F%2Fmuse.jhu.edu%2Fbook%2F13068